000 01528cam a2200385 a 4500
001 1880
003 FISKH
005 20231006134146.0
008 031113s2005 mnua b b 001 0beng
010 _a 2003024946
020 _a9780736850827
040 _aDLC
_cDLC
_dDLC
_beng
042 _apcc
_alcac
050 0 0 _aE807.1.R48
_bT78 2005
082 0 0 _a973.917/092
_aB
_222
100 1 _aTrumbauer, Lisa,
_d1963-
245 1 0 _aEleanor Roosevelt /
_cby Lisa Trumbauer.
260 _aMankato, Minn :
_bCapstone Press,
_c2005.
300 _a24 pages :
_billustrator ;
_c19 cm.
490 1 _aFirst biographies
505 _aE
520 _aText and photographs introduce the biography of the popular First Lady, Eleanor Roosevelt, and describes her childhood, education, private life, and years of public service.
521 8 _a160
_bLexile estimate
521 8 _aE
_bRaz-Plus
600 1 0 _aRoosevelt, Eleanor,
_d1884-1962
_vJuvenile literature.
600 1 1 _aRoosevelt, Eleanor,
_d1884-1962.
650 0 _aPresidents' spouses
_zUnited States
_vBiography
_vJuvenile literature.
650 1 _aFirst ladies.
650 1 _aWomen
_vBiography.
830 0 _aFirst biographies (Mankato, Minn.)
856 4 1 _3Table of contents
_uhttp://www.loc.gov/catdir/toc/ecip0411/2003024946.html
906 _a7
_bcbc
_corignew
_d1
_eecip
_f20
_gy-gencatlg
942 _2ddc
_cBK
_n0
999 _c1880
_d1880